[Event "RUS-chT Rapid (Women)"]
[Site "Sochi"]
[Date "2023.10.18"]
[Round "2.19"]
[White "Voit, Daria"]
[Black "Tazetdinova, Adelya"]
[Result "1-0"]
[WhiteElo "2343"]
[BlackElo "1522"]
[PlyCount "69"]
[EventDate "2023.10.18"]
[EventType "team-swiss (rapid)"]
[EventRounds "9"]
[EventCountry "RUS"]
[SourceTitle "Mega2024 Update 01"]
[Source "Chessbase"]
[SourceDate "2023.11.12"]
[SourceVersion "1"]
[SourceVersionDate "2023.11.12"]
[SourceQuality "1"]
[WhiteTeam "Moscow ShSM (W)"]
[BlackTeam "Bashkortostan (W)"]
[WhiteTeamCountry "RUS"]
[BlackTeamCountry "RUS"]

1. d4 Nf6 2. c4 g6 3. g3 Bg7 4. Bg2 0-0 5. Nc3 d6 6. Nf3 c6 7. 0-0 Nbd7 8. e4 e5 9. h3 Re8 10. Be3 Qc7 11. Qc2 a5 12. Rad1 Nf8 13. dxe5 dxe5 14. Na4 Ne6 15. c5 Bf8 16. Rd2 h5 17. Rfd1 Bd7 18. Bf1 Rad8 19. Bc4 Bc8 20. Nb6 Rxd2 21. Rxd2 Nxc5 22. Bxc5 Bxc5 23. Nxc8 Rxc8 24. Ng5 Bd4 25. Bxf7+ Kh8 26. Bxg6 Qg7 27. Bf5 Qxg5 28. Bxc8 Qxg3+ 29. Kf1 Qf3 30. Bf5 h4 31. Rxd4 exd4 32. Qd2 Qh1+ 33. Ke2 Nxe4 34. Qh6+ Kg8 35. Be6# 1-0

[Event "RUS-chT Blitz (Women)"]
[Site "Sochi"]
[Date "2023.10.17"]
[Round "10.15"]
[White "Tazetdinova, Adelya"]
[Black "Chistova, Ekaterina"]
[Result "1-0"]
[WhiteElo "1522"]
[BlackElo "1223"]
[PlyCount "57"]
[EventDate "2023.10.17"]
[EventType "team-tourn (blitz)"]
[EventRounds "13"]
[EventCountry "RUS"]
[SourceTitle "Mega2024 Update 01"]
[Source "Chessbase"]
[SourceDate "2023.11.12"]
[SourceVersion "1"]
[SourceVersionDate "2023.11.12"]
[SourceQuality "1"]
[WhiteTeam "Bashkortostan (W)"]
[BlackTeam "Moscow Botvinnik School (W) II"]
[WhiteTeamCountry "RUS"]
[BlackTeamCountry "RUS"]

1. e4 c6 2. d4 d5 3. exd5 cxd5 4. c4 Nf6 5. Nc3 e6 6. Nf3 Nc6 7. Bd3 Be7 8. 0-0 dxc4 9. Bxc4 0-0 10. Bf4 b6 11. Re1 Bb7 12. Rc1 Rc8 13. Bb3 Na5 14. Ba4 a6 15. Ne5 b5 16. Bc2 Qb6 17. Bg5 Rfd8 18. Qd3 Qxd4 19. Qh3 h6 20. Rcd1 Qc5 21. Bxh6 gxh6 22. Qxh6 Rxd1 23. Bxd1 Rd8 24. Qg5+ Kf8 25. Qh6+ Kg8 26. Re3 Rxd1+ 27. Nxd1 Bf8 28. Rg3+ Ng4 29. Rxg4+ 1-0

[Event "RUS-chT Blitz (Women)"]
[Site "Sochi"]
[Date "2023.10.17"]
[Round "1.7"]
[White "Tazetdinova, Adelya"]
[Black "Travkina, Anastasia"]
[Result "1/2-1/2"]
[WhiteElo "1522"]
[BlackElo "2202"]
[PlyCount "103"]
[EventDate "2023.10.17"]
[EventType "team-tourn (blitz)"]
[EventRounds "13"]
[EventCountry "RUS"]
[SourceTitle "Mega2024 Update 01"]
[Source "Chessbase"]
[SourceDate "2023.11.12"]
[SourceVersion "1"]
[SourceVersionDate "2023.11.12"]
[SourceQuality "1"]
[WhiteTeam "Bashkortostan (W)"]
[BlackTeam "Rostov Nastavnik (W)"]
[WhiteTeamCountry "RUS"]
[BlackTeamCountry "RUS"]

1. e4 c5 2. Nf3 d6 3. d4 cxd4 4. Nxd4 Nf6 5. Nc3 g6 6. g3 Bg7 7. Bg2 0-0 8. 0-0 Nc6 9. Nxc6 bxc6 10. h3 Nd7 11. f4 Rb8 12. Kh2 Qa5 13. Qe1 Ba6 14. Rf3 d5 15. exd5 cxd5 16. Qxe7 Nf6 17. Qxa7 d4 18. Nd1 Rb7 19. Ra3 Qxa3 20. Qxb7 Qa5 21. b4 Qa4 22. Nb2 Qxc2 23. Qxa6 Nh5 24. Qd3 Qc7 25. Nc4 Rc8 26. Ne5 Qd6 27. Bb2 Qxb4 28. Bxd4 Rd8 29. Nc6 Rxd4 30. Qxd4 Qxd4 31. Nxd4 Bxd4 32. Rd1 Bf2 33. g4 Nxf4 34. a4 Ne6 35. Rd2 Be3 36. Re2 Bb6 37. Ra2 Ba5 38. Bc6 Nd4 39. Bb5 h5 40. Ra1 hxg4 41. hxg4 f5 42. gxf5 gxf5 43. Rd1 Nf3+ 44. Kg3 Ne5 45. Rd5 Kf7 46. Rxe5 Bc7 47. Kf4 Kf6 48. a5 Bxe5+ 49. Kf3 Bd4 50. a6 Ke5 51. Bd3 f4 52. Be4 1/2-1/2

[Event "RUS-ch Blitz (Women)"]
[Site "Sochi"]
[Date "2023.10.14"]
[Round "2"]
[White "Tazetdinova, Adelya"]
[Black "Timofeeva, Ekaterina"]
[Result "1-0"]
[WhiteElo "1522"]
[BlackElo "2294"]
[PlyCount "57"]
[EventDate "2023.10.14"]
[EventType "swiss (blitz)"]
[EventRounds "13"]
[EventCountry "RUS"]
[SourceTitle "Mega2024 Update 01"]
[Source "Chessbase"]
[SourceDate "2023.11.12"]
[SourceVersion "1"]
[SourceVersionDate "2023.11.12"]
[SourceQuality "1"]

1. e4 d6 2. d4 Nf6 3. Nc3 e5 4. Nf3 Nbd7 5. dxe5 dxe5 6. Bc4 Bb4 7. 0-0 0-0 8. Bg5 c6 9. Ne2 h6 10. Bh4 Qc7 11. Ng3 b5 12. Bb3 Nh7 13. Nf5 Nc5 14. c3 Ba5 15. Be7 Nxe4 16. Bxf8 Nxf8 17. Ne3 Bb6 18. Qd3 Nc5 19. Qe2 a5 20. Rfd1 a4 21. Bc2 Be6 22. Nf5 f6 23. Nd2 Qf7 24. Qg4 Kh8 25. Qf3 Bd5 26. Qg3 Nce6 27. Be4 Nf4 28. Kh1 Qh5 29. Qxg7# 1-0

[Event "Ufa Penzina Memorial"]
[Site "Ufa"]
[Date "2023.08.12"]
[Round "7"]
[White "Tazetdinova, Adelya"]
[Black "Vasilieva, Darya"]
[Result "1-0"]
[WhiteElo "1564"]
[BlackElo "1363"]
[PlyCount "109"]
[EventDate "2023.08.06"]
[EventType "swiss"]
[EventRounds "9"]
[EventCountry "RUS"]
[SourceTitle "CBM 215 Extra"]
[Source "ChessBase"]
[SourceDate "2023.09.30"]
[SourceVersion "1"]
[SourceVersionDate "2023.09.30"]
[SourceQuality "1"]

1. e4 c5 2. Nf3 e6 3. d4 cxd4 4. Nxd4 Nf6 5. Nc3 Nc6 6. Ndb5 d6 7. Bf4 e5 8. Bg5 a6 9. Na3 b5 10. Bxf6 gxf6 11. Nd5 f5 12. g3 fxe4 13. Bg2 Bg7 14. Bxe4 Be6 15. Qh5 Rc8 16. c3 Ne7 17. Rd1 Rc5 18. Nxe7 Qxe7 19. Nc2 d5 20. Bf5 d4 21. Bxe6 Qxe6 22. 0-0 dxc3 23. bxc3 Rxc3 24. Nd4 Qg6 25. Nf5 Bf8 26. Qh4 Rc8 27. Qe4 Qe6 28. Rd6 Bxd6 29. Ng7+ Ke7 30. Nxe6 Kxe6 31. Rd1 Rc5 32. Qh4 Rhc8 33. Qh6+ f6 34. Qh3+ Ke7 35. Qxh7+ Ke6 36. f4 exf4 37. gxf4 Rc1 38. Qh3+ Kf7 39. Qd7+ Be7 40. Qd5+ Kg7 41. Rxc1 Rxc1+ 42. Kg2 a5 43. Qd2 Ra1 44. Qxa5 b4 45. Qd5 Re1 46. h4 Rc1 47. h5 Rc5 48. Qe6 Kf8 49. h6 Rh5 50. Qc8+ Kf7 51. Qh8 Bf8 52. Qh7+ Ke6 53. Qg8+ Kf5 54. h7 Kxf4 55. Qh8 1-0

[Event "Satka Autumn op (Women)"]
[Site "Satka"]
[Date "2022.08.30"]
[Round "1"]
[White "Tazetdinova, Adelya"]
[Black "Pogorelskikh, Sofia"]
[Result "0-1"]
[WhiteElo "1506"]
[BlackElo "2105"]
[PlyCount "162"]
[EventDate "2022.08.30"]
[EventType "swiss"]
[EventRounds "9"]
[EventCountry "RUS"]
[SourceTitle "CBM 210 Extra"]
[Source "ChessBase"]
[SourceDate "2022.11.30"]
[SourceVersion "1"]
[SourceVersionDate "2022.11.30"]
[SourceQuality "1"]

1. e4 c5 2. Nf3 d6 3. d4 cxd4 4. Nxd4 Nf6 5. Nc3 a6 6. h3 e5 7. Nde2 h5 8. Bg5 Be7 9. Ng3 Nc6 10. Bxf6 Bxf6 11. Nxh5 Kf8 12. Nxf6 Qxf6 13. Qd2 Bd7 14. 0-0-0 Rh6 15. Nd5 Qd8 16. Kb1 b5 17. Be2 Be6 18. f4 Nd4 19. Bg4 f5 20. fxe5 dxe5 21. c3 Bxd5 22. exd5 fxg4 23. cxd4 Qxd5 24. dxe5 Qxe5 25. hxg4 Qe4+ 26. Ka1 Rxh1 27. Rxh1 Kg8 28. Re1 Qc6 29. Rc1 Qe6 30. g5 Re8 31. a3 Rf8 32. Qc2 Rf5 33. Qd2 Kf7 34. Re1 Qd5 35. Qe3 Kg6 36. g4 Rxg5 37. Qe8+ Kh7 38. Qe2 Qd7 39. Qh2+ Kg6 40. Qc2+ Kf7 41. Qb3+ Qd5 42. Qg3 Kg6 43. Qf4 Qc6 44. Rc1 Qe6 45. Rg1 Re5 46. Qd2 Qd5 47. Qf2 Qc5 48. Qg3 Re3 49. Qg2 Qe5 50. Qc6+ Qe6 51. Qc2+ Qe4 52. Qc5 Qe5 53. Qc2+ Kg5 54. Qd2 Kf6 55. Qd8+ Kg6 56. Qb6+ Qe6 57. Qc5 Re1+ 58. Rxe1 Qxe1+ 59. Ka2 Qe6+ 60. Ka1 Qxg4 61. Qd6+ Kh5 62. Qxa6 Qd1+ 63. Ka2 Qd5+ 64. Ka1 g5 65. Qf6 g4 66. Qh8+ Kg5 67. Qg7+ Kf4 68. Qh6+ Kg3 69. Qe3+ Qf3 70. Qe5+ Kg2 71. Kb1 g3 72. Kc1 Qf2 73. Kd1 Kg1 74. b3 g2 75. a4 bxa4 76. bxa4 Qh4 77. Qe3+ Kh1 78. Qf3 Kh2 79. Qe2 Qxa4+ 80. Ke1 Qa1+ 81. Kf2 Qg1+ 0-1

[Event "Amazons Pride Blitz"]
[Site "Chess.com INT"]
[Date "2021.10.23"]
[Round "6"]
[White "Obregon Garcia, Roxangel"]
[Black "Tazetdinova, Adelya"]
[Result "1-0"]
[WhiteElo "2167"]
[BlackElo "1451"]
[PlyCount "55"]
[EventDate "2021.10.23"]
[EventType "swiss (blitz)"]
[EventRounds "9"]
[EventCountry "USA"]
[SourceTitle "CBM 204 Extra"]
[Source "ChessBase"]
[SourceDate "2021.11.30"]
[SourceVersion "1"]
[SourceVersionDate "2021.11.30"]
[SourceQuality "1"]

1. d4 f5 2. c4 Nf6 3. Nf3 g6 4. Bf4 Bg7 5. Nc3 0-0 6. e3 d6 7. h3 Qe8 8. Qc2 c6 9. b4 Nbd7 10. a4 e5 11. Bh2 e4 12. Nd2 Qe6 13. b5 Nh5 14. Be2 Nhf6 15. a5 Bh6 16. a6 g5 17. axb7 Bxb7 18. bxc6 Bxc6 19. d5 Bxd5 20. cxd5 Qe7 21. Ra6 f4 22. Ndxe4 Nxe4 23. Qxe4 Qxe4 24. Nxe4 fxe3 25. fxe3 Nc5 26. Nxc5 dxc5 27. Rf1 Rfe8 28. Rxh6 1-0